Gender mainstreaming manuals (Record no. 75821)

MARC details
000 -LEADER
fixed length control field 01391nam a2200217 a 4500
008 - FIXED-LENGTH DATA ELEMENTS--GENERAL INFORMATION
fixed length control field 150729s2013 xx |||||||||||||| || u
050 ## - LIBRARY OF CONGRESS CALL NUMBER
Classification number COMESA(02)2013/1
110 ## - MAIN ENTRY--CORPORATE NAME
Corporate name or jurisdiction name as entry element Common Market for Eastern and Southern Africa (COMESA)
245 10 - TITLE STATEMENT
Title Gender mainstreaming manuals
Statement of responsibility, etc. by Common Market for Eastern and Southern Africa(COMESA)
260 ## - PUBLICATION, DISTRIBUTION, ETC.
Place of publication, distribution, etc.
Name of publisher, distributor, etc. COMESA
Date of publication, distribution, etc. 2013
300 ## - PHYSICAL DESCRIPTION
Extent viii,43p.
650 ## - SUBJECT ADDED ENTRY--TOPICAL TERM
Topical term or geographic name entry element GENDER AND DEVELOPMENT
650 ## - SUBJECT ADDED ENTRY--TOPICAL TERM
Topical term or geographic name entry element GENDER
650 ## - SUBJECT ADDED ENTRY--TOPICAL TERM
Topical term or geographic name entry element GENDER MAINSTREAMING
995 ## -
-- SPECIAL COLLECTIONS
-- 3546
-- CBU-KAPASA MAKASA LIBRARY (Chinsali)
-- COMESA(02)2013/1E
-- 5
-- AVAILABLE
-- Apr 10, 2018
-- B3546
-- International Publications
995 ## -
-- SPECIAL COLLECTIONS
-- 1866
-- CBU-MAIN LIBRARY (Kitwe)
-- COMESA(02)2013/1D
-- 3
-- AVAILABLE
-- Aug 4, 2015
-- B1866
-- International Publications
995 ## -
-- SPECIAL COLLECTIONS
-- 1867
-- CBU-MAIN LIBRARY (Kitwe)
-- COMESA(02)2013/1B
-- 4
-- AVAILABLE
-- Aug 4, 2015
-- B1867
-- International Publications
995 ## -
-- SPECIAL COLLECTIONS
-- 3547
-- CBU-KAPASA MAKASA LIBRARY (Chinsali)
-- COMESA(02)2013/1F
-- 6
-- AVAILABLE
-- Apr 10, 2018
-- B3547
-- International Publications
995 ## -
-- SPECIAL COLLECTIONS
-- 1864
-- CBU-MAIN LIBRARY (Kitwe)
-- COMESA(02)2013/1A
-- 1
-- AVAILABLE
-- Aug 4, 2015
-- B1864
-- International Publications
995 ## -
-- SPECIAL COLLECTIONS
-- 1865
-- CBU-MAIN LIBRARY (Kitwe)
-- COMESA(02)2013/1A
-- 2
-- AVAILABLE
-- Aug 4, 2015
-- B1865
-- International Publications
999 ## -
-- 75821
-- 75821
Holdings
Withdrawn status Lost status Source of classification or shelving scheme Damaged status Not for loan Permanent Location Current Location Shelving location Date acquired Total Checkouts Full call number Barcode Date last seen Copy number Price effective from Koha item type
          CBU-MAIN LIBRARY, KITWE. CBU-MAIN LIBRARY, KITWE.   04/25/2023   COMESA(02)2013/1D B1866 04/25/2023 2 04/25/2023 SPECIAL COLLECTION
          CBU-MAIN LIBRARY, KITWE. CBU-MAIN LIBRARY, KITWE.   04/25/2023   COMESA(02)2013/1B B1867 04/25/2023 3 04/25/2023 SPECIAL COLLECTION
          CBU-MAIN LIBRARY, KITWE. CBU-MAIN LIBRARY, KITWE.   04/25/2023   COMESA(02)2013/1A B1864 04/25/2023 5 04/25/2023 SPECIAL COLLECTION
          CBU-MAIN LIBRARY, KITWE. CBU-MAIN LIBRARY, KITWE.   04/25/2023   COMESA(02)2013/1A B1865 04/25/2023 6 04/25/2023 SPECIAL COLLECTION